Detalles MARC
| 000 -LIDER |
| fixed length control field |
00975nam a2200313 a 4500 |
| 001 - NÚMERO DE CONTROL |
| Identificador de número de control |
|
| 003 - IDENTIFICACDOR DE NÚMERO DE CONTROL |
| control field |
DO-SdBNP |
| 005 - DATE AND TIME OF LATEST TRANSACTION |
| control field |
20240314112230.0 |
| 007 - CAMPOS FIJOS DE DESCRIPCIÓN FÍSICA |
| fixed length control field |
|
| 008 - ELEMENTOS DE LONGITUD FIJA |
| fixed length control field |
090819s2008 mx a 000 0 spa d |
| 020 ## - ISBN |
| International Standard Book Number |
9786071101853 |
| 040 ## - FUENTE DE CATALOGACIÓN |
| Agencia que crea de manera original el registro |
BPMSU |
| Idioma de catalogación |
spa |
| Agencia que realiza la transcripción |
BPMSU |
| 082 #4 - NÚMERO DE CLASIFICACIÓN DECIMAL DE DEWEY |
| Classification number |
813.5 |
| Item number |
H965g 2008 |
| Edition number |
22 |
| 100 1# - ASIENTO PRINCIPAL -- NOMBRE PERSONAL |
| Nombre personal |
Hurley, Tonya. |
| 245 10 - MENCIÓN DE TITULO |
| Título |
Ghostgirl / |
| Mención de responsabilidad |
Tonya Hurley ; traducción de Alicia Frieyro. |
| Subtítulo |
|
| 260 ## - PUBLICACIÓN, DISTRIBUCIÓN, ETC. (PIE DE IMPRENTA) |
| Lugar de publicación, distribución, etc |
México : |
| Nombre del editor, distribuidor, etc. |
Alfaguara ; |
| -- |
Santillana Ediciones Generales, |
| Fecha de publicación, distribución, etc |
2008 |
| 300 ## - DESCRIPCIÓN FÍSICA |
| Extensión |
339 p. : |
| Otros detalles físicos |
ils. ; |
| Dimensiones |
24 cm. |
| 534 ## - NOTA SOBRE LA VERSIÓN ORIGINAL |
| Asiento principal del original |
Texto en español e inglés |
| 590 ## - NOTA LOCAL |
| Texto de la nota local |
Inventariado, 2024/VM |
| Enlace |
|
| 650 #4 - ENCABEZAMIENTO DE MATERIA--TEMÁTICO |
| Término temático o nombre geográfico como elemento de entrada |
Novela juvenil estadounidense. |
| 650 #4 - ENCABEZAMIENTO DE MATERIA--TEMÁTICO |
| Término temático o nombre geográfico como elemento de entrada |
Literatura juvenil estadounidenses |
| Subdivisión de forma |
|
| 650 #4 - ENCABEZAMIENTO DE MATERIA--TEMÁTICO |
| Término temático o nombre geográfico como elemento de entrada |
Fantasmas |
| Subdivisión de forma |
Novela juvenil. |
| 650 #4 - ENCABEZAMIENTO DE MATERIA--TEMÁTICO |
| Término temático o nombre geográfico como elemento de entrada |
Vida futura |
| Subdivisión de forma |
Novela juvenil. |
| 650 #4 - ENCABEZAMIENTO DE MATERIA--TEMÁTICO |
| Término temático o nombre geográfico como elemento de entrada |
Amistad |
| Subdivisión de forma |
Novela juvenil. |
| 651 ## - ENCABEZAMIENTO DE MATERIA--NOMBRE GEOGRÁFICO |
| Fuente del encabezamiento o término |
|
| 700 1# - ASIENTO SECUNDARIO -- NOMBRE PERSONAL |
| Nombre personal |
Frieyro, Alicia, |
| Mención de responsabilidad |
tr. |
| 910 ## - VALIDACIÓN |
| Validación |
VMateo V. Control de calidad. BPMSU |
| 942 ## - ADDED ENTRY ELEMENTS (KOHA) |
| Source of classification or shelving scheme |
Dewey Decimal Classification |
| Koha item type |
Libros |